| 000 | 00529cam a2200193 a 4500 | ||
|---|---|---|---|
| 020 | _a2040154485 | ||
| 040 | _cDLC | ||
| 082 | 0 | 0 | _a639 GAU 1982 A041 Or. |
| 100 | 1 | _aArrignon, Jacques. | |
| 245 | 1 | 0 | _aAménagement écologique et piscicole des eaux douces / |
| 250 | _a3e éd. | ||
| 260 |
_aParis : _bGauthier-Villars, _c[1982], c1976. |
||
| 300 |
_axii, 340 p. : _bill. ; _c24 cm. |
||
| 500 | _aIncludes index. | ||
| 650 | 0 | _aFishery management | |
| 650 | 0 | _aFish culture | |
| 650 | 0 | _aFreshwater ecology | |
| 942 | _cAEDBB | ||
| 999 |
_c12260 _d12260 |
||